| 000 | 00441nam a2200157 4500 | ||
|---|---|---|---|
| 001 | 123872 | ||
| 003 | ES-MaACL | ||
| 005 | 20230906192250.0 | ||
| 007 | t| | ||
| 008 | 070214s1958 sp r ||||1| spa d | ||
| 100 | 1 |
_aRamírez de Arellano, Diana. _995129 |
|
| 245 | 1 | 0 |
_aAngeles de ceniza / _cDiana Ramírez de Arellano. |
| 260 |
_aMadrid : _bJ. Romo Arregui, _c1958. |
||
| 300 |
_a69 p. ; _c25 cm. |
||
| 852 |
_aES-MaACL _jC-22497 _bR.51296 |
||
| 999 |
_c123872 _d123872 |
||